دو ادبی اسکول / (Record no. 172394)

MARC details
000 -LEADER
fixed length control field 00559nam a22001937a 4500
005 - DATE AND TIME OF LATEST TRANSACTION
control field 20200204142129.0
010 ## - LCCN (DPL NO)
LC control number A-26123
020 ## - INTERNATIONAL STANDARD BOOK NUMBER
Terms of availability 20.00
035 ## - SYSTEM CONTROL NUMBER
System control number A-26123
037 ## - SOURCE OF ACQUISITION
Source of stock number/acquisition BPPD/Pub.
082 ## - DEWEY DECIMAL CLASSIFICATION NUMBER
Classification number 840.9
100 ## - MAIN ENTRY--PERSONAL NAME
Personal name زیدی ، علی جواد
245 ## - TITLE STATEMENT
Title دو ادبی اسکول /
Statement of responsibility, etc علی جواد زیدی
246 ## - VARYING FORM OF TITLE
Title proper/short title Do Adabi School (Urdu) /
Remainder of title by Ali Jawad Zaidi
260 ## - PUBLICATION, DISTRIBUTION, ETC. (IMPRINT)
Place of publication, distribution, etc Lucknow
Name of publisher, distributor, etc Neem Book Depot
Date of publication, distribution, etc 1980 ء
270 ## - ADDRESS
Address Laposh Road
City Lucknow
300 ## - PHYSICAL DESCRIPTION
Extent 476p.
Dimensions 20cm(Hb)
942 ## - ADDED ENTRY ELEMENTS (KOHA)
Source of classification or shelving scheme Dewey Decimal Classification
Item type Urdu Bks
Classification part 840.9
Call number suffix ز ی د
Holdings
Withdrawn status Lost status Not for loan Collection code Home library Current library Date acquired Source of acquisition Cost, normal purchase price Full call number Barcode Copy number Cost, replacement price Koha item type
      Non-fiction Central Library Central Library 04/02/2020 BPPD/Ven. 20.00 840.9 ز ی د A-26123 1 20.00 Urdu Bks

© Delhi Public Library
Hit Counter
free hit counter